00652nam a2200181Ia 4500100001700000650001100017942000700028366000700035654001100042245005400053260001600107082000800123300000800131546001200139999001700151952013900168952016300307 aPayne/James  aPython cBK f20 apython aBeginning python: using python 2.6 and python 3.1 bWileyc2010 bPAY a588 aENGLISH c19679d19679 001040708CRCaCRCEbCRCEd2023-03-17eAllied Publisherg479.20i460 dt 1.8.2017l0o PAYp24863r2023-03-17v599.00w0000-00-00yBK 001040708CRCaCRCEb1234d2023-03-17eAllied Publisherg479.20i460 dt 1.8.2017l1o PAYp24864q2020-01-17r2023-06-12s2023-06-12v599.00w0000-00-00yBK